| 000 | 00340nam a22001457a 4500 | ||
|---|---|---|---|
| 020 | _a0-14-36304-1 | ||
| 082 |
_a823 _bAND/P |
||
| 100 | _aANDERSON, SCOULAR | ||
| 245 | _aTHE PUFFIN FACT FILE OF KINGS & QUEENS | ||
| 260 |
_aLONDON _bPENGIN BOOKS _c1993 |
||
| 300 | _a110 | ||
| 520 | _aENGLISH STORY | ||
| 650 | _aENGLISH STORY | ||
| 942 | _cBK | ||
| 999 |
_c5640 _d5640 |
||